| 000 | 00515nam a22001577a 4500 | ||
|---|---|---|---|
| 003 | NUST | ||
| 038 | _aNusrat Nadeem | ||
| 082 | _a200 | ||
| 100 |
_aTariq, Syeda Sidra _9132737 |
||
| 245 |
_aDenseSort: A Gas-Efficient Sorting Algorithm for Ethereum Smart Contracts/ _cSyeda Sidra Tariq |
||
| 264 |
_aIslamabad: _bSEECS NUST. _c2025. |
||
| 650 |
_aMS-Computer Science _926780 |
||
| 700 |
_aSupervisor: Dr. Syed Taha Ali _997104 |
||
| 856 | _u http://10.250.8.41:8080/xmlui/handle/123456789/57156 | ||
| 942 |
_2ddc _cSC |
||
| 999 |
_c615792 _d615792 |
||